01221nam a2200193Ia 4500001001100000003001000011008004100021040002500062041001300087100002500100245012300125250001100248260008600259300001200345500026000357501011400617520026000731650003600991L208-27076IT-CnALBA170116s9999||||xx |||||||||||||| ||und|| aIT-CnALBAcIT-CnALBA aITALIANO aLUCIANI ALBINO, PAPA 0aOPERA OMNIA DI ALBINO LUCIANI (PAPA GIOVANNI PAOLO I) VOL. 3 VITTORIO VENETO, 1963-1966: DISCORSI, SCRITTI, ARTICOLI.  a1a ed. a PADOVAbMESSAGGERO DI S. ANTONIO c1988 [1° Ed.:1988 - Ed.Ling.Originale: 1988] a526 p.  aLA SCUOLA. FRANCESCO MARIA DA CAMPOROSSO. IN MORTE DI PAPA GIOVANNI XXIII. L'ELEZIONE DI PAPA PAOLO VI. PROBLEMI PASTORALI. AI SACERDOTI. MADRE PRUDENZA E LE SUE FIGLIE. LETTERE DAL CONCILIO. S. TIZIANO PATRONO DELLA DIOCESI. LE STAZIONI QUARESIMALI. IL M aSocietà San Paolo EM - Piazza San Paolo, 14 - 12051 ALBA (CN) (non commercial uses only) ® Copyright 2017 aLA SCUOLA. FRANCESCO MARIA DA CAMPOROSSO. IN MORTE DI PAPA GIOVANNI XXIII. L'ELEZIONE DI PAPA PAOLO VI. PROBLEMI PASTORALI. AI SACERDOTI. MADRE PRUDENZA E LE SUE FIGLIE. LETTERE DAL CONCILIO. S. TIZIANO PATRONO DELLA DIOCESI. LE STAZIONI QUARESIMALI. IL M aPADRI E SCRITTORI ECCLESIASTICI